01565nam a2200277 i 450000100060000000300090000600500170001500700030003200800410003508000190007610000550009524501770015025000830032726000770041030000460048750501880053353000350072159900940075665100590085070000570090985200650096685600890103194200080112099900170112895201420114539662ES-MaACL20250709133634.0t|030303s1910 sp |||| |dspa d a94(460)"15/16"1 aCánovas del Castillo, Antonio,d1828-189793460010aHistoria de la decadencia de España desde el advenimiento de Felipe III al trono hasta la muerte de Carlos II / cpor el Excmo. Señor D. Antonio Cánovas del Castillo. a2ª ed., con prólogo del Excmo. Señor D. Juan Pérez de Guzmán y Gallo. aMadrid : bLibrería Gutenberg de José Ruiz, c1910 (fImp. Fortanet) aXLVI, 761 p. : b1 retr. autor ; c23 cm.8 aContiene: El retrato de Cánovas por Madrazo, p. III . El primer libro histórico del Excmo. Señor D. Antonio Cánovas del Castillo [prólogo] / Juan Pérez de Guzmán y Gallo aDisponible en formato digital. aRetr. de A. Cánovas del Castillo: "Don Federico de Madrazo pintó". "Kaulak reprodujo" 4aEspaña-xHistoria-y1516-1700, Casa de Austria982281 aPérez de Guzmán y Gallo, Juan,d1841-1928990777 aES-MaACLjF-5409cDEPO2zRevisado enlace: 9 de julio de 20254 uhttp://bdh-rd.bne.es/viewer.vm?id=0000057942&page=1 yBiblioteca Digital Hispánica 2udc c39662d39662 001040708Colección_digitalaATENEOMbATENEOMcDEPO2d2008-01-17eSCl0oF-5409p1041770r2023-02-23 00:00:00w2023-02-23yMONOGRAFIA